El impacto asimétrico de las restricciones al financiamiento en Argentina (Registro nro. 15028)
[ vista simple ]
| 000 -LEADER | |
|---|---|
| fixed length control field | 00453 a2200145 4500 |
| 001 - CONTROL NUMBER | |
| control field | ART_6986 |
| 005 - DATE AND TIME OF LATEST TRANSACTION | |
| control field | 20260410161659.0 |
| 008 - FIXED-LENGTH DATA ELEMENTS--GENERAL INFORMATION | |
| fixed length control field | 260409a |
| 100 1# - MAIN ENTRY--PERSONAL NAME | |
| Personal name | Elosegui, Pedro |
| 245 10 - TITLE STATEMENT | |
| Title | El impacto asimétrico de las restricciones al financiamiento en Argentina |
| 700 1# - ADDED ENTRY--PERSONAL NAME | |
| Personal name | Español, Paula |
| 700 1# - ADDED ENTRY--PERSONAL NAME | |
| Personal name | Panigo, Demián Tupac |
| 700 1# - ADDED ENTRY--PERSONAL NAME | |
| Personal name | Blanco, Emilio |
| 773 0# - HOST ITEM ENTRY | |
| Title | Ensayos Económicos |
| Related parts | - Nº 48 (jul./sep. 2007) |
| Record control number | REV620 |
No hay ítems disponibles.